[Event "TCh-CHN 2015"]
[Site "China CHN"]
[Date "2015.06.05"]
[Round "6.6"]
[Board "5"]
[White "Zhang, Xiaowen"]
[Black "Xu, Huahua"]
[Result "1-0"]
[WhiteTitle "WGM"]
[BlackTitle "WIM"]
[WhiteElo "2349"]
[BlackElo "2105"]
[WhiteTeam "Shanghai"]
[BlackTeam "Shandong"]
[WhiteFideId "8603219"]
[BlackFideId "8604096"]
[EventDate "2015.04.10"]

1. e4 c5 2. Nf3 Nc6 3. d4 cxd4 4. Nxd4 g6 5. c4 Nf6 6. Nc3 Nxd4 7. Qxd4 d6 8. f3
Bg7 9. Be3 O-O 10. Qd2 a5 11. Na4 Nd7 12. Rd1 b6 13. b3 Bb7 14. Be2 Nc5 15. Nc3
f5 16. exf5 Rxf5 17. O-O Rf7 18. Nd5 Bxd5 19. Qxd5 Qf8 20. f4 Kh8 21. Bg4 Rd8
22. Rf3 Qe8 23. f5 Rf8 24. Rh3 gxf5 25. Bh5 Qd7 26. Bg6 h6 27. Bxh6 Bxh6 28.
Qd4+ Rf6 29. Rxh6+ Kg7 30. Rh7+ Kg8 31. Qh4 Rxg6 32. Rxe7 Qxe7 33. Qxe7 Rd7 34.
Qe8+ Kg7 35. Re1 Kh6 36. Re3 1-0

[Event "TCh-CHN 2015"]
[Site "China CHN"]
[Date "2015.06.06"]
[Round "7.1"]
[Board "1"]
[White "Xu, Yi"]
[Black "Ma, Zhonghan"]
[Result "0-1"]
[WhiteTitle "FM"]
[BlackTitle "IM"]
[WhiteElo "2356"]
[BlackElo "2468"]
[WhiteTeam "Shanghai"]
[BlackTeam "Qingdao"]
[WhiteFideId "8605564"]
[BlackFideId "8607206"]
[EventDate "2015.04.10"]

1. e4 c5 2. Nf3 d6 3. d4 cxd4 4. Nxd4 Nf6 5. Nc3 a6 6. h3 e6 7. g4 b5 8. Bg2 Bb7
9. O-O Nfd7 10. Re1 Be7 11. a4 bxa4 12. Nxa4 O-O 13. b3 Qc7 14. Bb2 Nc6 15. Ne2
Bf6 16. Bxf6 Nxf6 17. Qd2 h6 18. c4 Ne5 19. Nd4 Ng6 20. g5 hxg5 21. Qxg5 Nh7 22.
Qg3 Qe7 23. f4 Nh4 24. Bh1 e5 25. fxe5 dxe5 26. Nf5 Nxf5 27. exf5 e4 28. Nc3 Nf6
29. Ra2 Rfe8 30. Rg2 Qc5+ 31. Re3 Nh5 32. Qf2 Qe5 33. Rg5 Nf6 34. Qg3 Qxg3+ 35.
Rexg3 Kh8 36. Kf1 Rad8 37. Ke1 Re5 38. Bg2 Bc8 39. Re3 Bxf5 40. Bf1 g6 41. Rg2
Rb8 42. Rb2 a5 43. Nb5 Bd7 44. Ra2 Ra8 45. Nd6 Kg7 46. b4 Re6 47. Nb5 Bxb5 48.
cxb5 Nd5 49. Rb3 a4 50. Rba3 Rc8 51. Rd2 Nxb4 52. Rxa4 e3 53. Rd1 Nc2+ 54. Ke2
Rf6 55. Kd3 Rf2 56. Be2 Rd8+ 57. Kc3 Rxd1 58. Bxd1 e2 59. Bxe2 Rxe2 60. b6 Re6
61. Ra6 Rc6+ 62. Kb3 Nd4+ 63. Kb4 Rc8 64. b7 Rb8 65. Kc5 Ne6+ 66. Kc6 Rxb7 0-1

[Event "TCh-CHN 2015"]
[Site "China CHN"]
[Date "2015.06.06"]
[Round "7.1"]
[Board "2"]
[White "Zhou, Jianchao"]
[Black "Fang, Yuxiang"]
[Result "1-0"]
[WhiteTitle "GM"]
[WhiteElo "2578"]
[BlackElo "2437"]
[WhiteTeam "Shanghai"]
[BlackTeam "Qingdao"]
[WhiteFideId "8603537"]
[BlackFideId "8605840"]
[EventDate "2015.04.10"]

1. d4 d5 2. c4 c6 3. Nf3 Nf6 4. Nc3 a6 5. a4 g6 6. Bf4 Bg7 7. e3 O-O 8. Be2 c5
9. dxc5 Qa5 10. O-O dxc4 11. Bxc4 Qxc5 12. Qb3 Nc6 13. Ng5 e6 14. Nce4 Nxe4 15.
Nxe4 Qf5 16. Bd3 Qd5 17. Qa3 e5 18. Bg5 Bf5 19. f3 f6 20. Rac1 b5 21. Rfd1 b4
22. Qa1 Na5 23. Bxf6 Nb3 24. Qa2 Be6 25. Bc4 Qxd1+ 26. Rxd1 Bxc4 27. Bxg7 Kxg7
28. Qb1 Rad8 29. Rxd8 Rxd8 30. Qc2 Na5 31. b3 1-0

[Event "TCh-CHN 2015"]
[Site "China CHN"]
[Date "2015.06.06"]
[Round "7.1"]
[Board "3"]
[White "Ni, Hua"]
[Black "Ivanchuk, Vassily"]
[Result "1/2-1/2"]
[WhiteTitle "GM"]
[BlackTitle "GM"]
[WhiteElo "2704"]
[BlackElo "2733"]
[WhiteTeam "Shanghai"]
[BlackTeam "Qingdao"]
[WhiteFideId "8601160"]
[BlackFideId "14100010"]
[EventDate "2015.04.10"]

1. d4 Nf6 2. c4 g6 3. Nc3 d5 4. cxd5 Nxd5 5. g3 Bg7 6. Bg2 Nxc3 7. bxc3 c5 8.
Nf3 Nc6 9. Be3 O-O 10. O-O Qc7 11. dxc5 Bxc3 12. Rc1 Bg7 13. Qa4 Bd7 14. Qh4
Rad8 15. Ng5 h6 16. Nf3 g5 17. Qe4 Bc8 18. h3 Qa5 19. Rc2 Be6 20. Bd2 Qa3 21. h4
Bd5 22. Qe3 Qa4 23. Rcc1 g4 24. Ne1 Qxa2 25. Bc3 e5 26. Nd3 Bxg2 27. Kxg2 Rd7
28. Kh2 Qe6 29. Nb4 Ne7 30. Qe4 f5 31. Qc2 Rc8 32. Nd3 Nc6 33. Rb1 Rcd8 34. Rb3
f4 35. gxf4 Qf5 36. Qa2 Kh7 37. fxe5 g3+ 38. Kg2 gxf2 39. Rxf2 Qe4+ 40. Rf3 Rxd3
41. exd3 Rxd3 42. Qf2 Rxf3 43. Qxf3 Qc2+ 44. Bd2 Qxd2+ 45. Kh3 Qd7+ 46. Qg4 Nxe5
47. Qxd7 Nxd7 48. Rxb7 Nxc5 49. Rxa7 Ne4 50. Kg4 Kg6 51. h5+ Kh7 52. Ra6 Ng5 53.
Kf5 Bh8 54. Ra7+ Bg7 55. Rd7 Nf3 56. Ke4 Ng5+ 57. Kf5 Nf3 58. Kg4 Ng5 59. Kf5
Nf3 60. Ke4 Ng5+ 61. Kf5 1/2-1/2

[Event "TCh-CHN 2015"]
[Site "China CHN"]
[Date "2015.06.06"]
[Round "7.1"]
[Board "5"]
[White "Ushenina, Anna"]
[Black "Zhang, Xiaowen"]
[Result "1/2-1/2"]
[WhiteTitle "GM"]
[BlackTitle "WGM"]
[WhiteElo "2441"]
[BlackElo "2349"]
[WhiteTeam "Qingdao"]
[BlackTeam "Shanghai"]
[WhiteFideId "14110911"]
[BlackFideId "8603219"]
[EventDate "2015.04.10"]

1. d4 d5 2. c4 e6 3. Nc3 Nf6 4. cxd5 exd5 5. Bg5 c6 6. Qc2 h6 7. Bh4 g6 8. e3
Bf5 9. Bd3 Bxd3 10. Qxd3 Nbd7 11. Nf3 Bg7 12. O-O O-O 13. b4 a6 14. a4 Qe7 15.
Bxf6 Nxf6 16. b5 axb5 17. axb5 Ne4 18. bxc6 bxc6 19. Qc2 Rxa1 20. Rxa1 Nxc3 21.
Qxc3 c5 22. Qa5 cxd4 23. exd4 Qe4 24. Re1 Qf5 25. h3 Rb8 26. Qc7 Rb1 27. Rxb1
Qxb1+ 28. Kh2 Qe4 29. Qd8+ Kh7 30. Qd7 Qf4+ 31. Kg1 Qc1+ 32. Kh2 Qf4+ 33. Kg1
Qc1+ 34. Kh2 Qf4+ 1/2-1/2

[Event "TCh-CHN 2015"]
[Site "China CHN"]
[Date "2015.06.06"]
[Round "7.2"]
[Board "2"]
[White "Xiu, Deshun"]
[Black "Zhao, Jun"]
[Result "1/2-1/2"]
[WhiteTitle "GM"]
[BlackTitle "GM"]
[WhiteElo "2557"]
[BlackElo "2621"]
[WhiteTeam "Beijing"]
[BlackTeam "Shandong"]
[WhiteFideId "8603693"]
[BlackFideId "8602522"]
[EventDate "2015.04.10"]

1. Nf3 Nf6 2. g3 b6 3. Bg2 Bb7 4. O-O e6 5. c4 Be7 6. d4 O-O 7. Nc3 Ne4 8. Bd2
Nxd2 9. Qxd2 d6 10. e4 Nd7 11. Rfe1 Re8 12. Rad1 e5 13. Qc2 Bf8 14. d5 Nf6 15.
Bh3 g6 16. b4 h5 17. Nd2 Nh7 18. Nb3 Ng5 19. Bg2 Bc8 20. h4 Nh7 21. Qe2 Ng5 22.
Qc2 Nh7 23. Qe2 Nf6 24. a4 Bd7 25. a5 Qe7 26. Nb5 Reb8 27. Ra1 Qd8 28. axb6 axb6
29. Qf1 Rxa1 30. Rxa1 Ra8 31. Rxa8 Qxa8 32. Qa1 Qd8 33. Na7 Ng4 34. Nc6 Qf6 35.
Qe1 g5 36. hxg5 Qxg5 37. Nd2 Bh6 38. Nf3 Qc1 39. Qxc1 Bxc1 40. Ne1 Bd2 41. Nd3
Kf8 42. Kf1 f5 43. Ke2 Bh6 44. Nb8 Ba4 45. exf5 Bb3 46. c5 Nf6 47. Nxe5 bxc5 48.
Ng6+ Ke8 49. bxc5 Bc4+ 50. Ke1 dxc5 51. Ne5 Bxd5 52. Bxd5 Nxd5 53. Na6 Bf8 54.
Kd2 Bd6 55. f4 Ke7 56. Kd3 Nb4+ 57. Nxb4 cxb4 58. Nc4 Bc5 59. Nd2 Bf2 60. Ne4
Bxg3 61. Nxg3 h4 62. Nh1 Kf6 63. Nf2 Kxf5 64. Nh3 c5 65. Kc4 Ke4 66. Kb3 Kd5 67.
Nf2 Kd4 68. Nh3 c4+ 69. Kxb4 c3 70. Kb3 Kd3 71. f5 c2 72. Nf2+ Kd2 73. Ne4+ Kd1 1/2-1/2

[Event "TCh-CHN 2015"]
[Site "China CHN"]
[Date "2015.06.06"]
[Round "7.2"]
[Board "5"]
[White "Xu, Huahua"]
[Black "Wang, Jue"]
[Result "0-1"]
[WhiteTitle "WIM"]
[BlackTitle "WGM"]
[WhiteElo "2105"]
[BlackElo "2365"]
[WhiteTeam "Shandong"]
[BlackTeam "Beijing"]
[WhiteFideId "8604096"]
[BlackFideId "8604070"]
[EventDate "2015.04.10"]

1. e4 c5 2. Nf3 e6 3. d4 cxd4 4. Nxd4 Nc6 5. Nc3 a6 6. Be3 Qc7 7. Be2 b5 8. Nxc6
Qxc6 9. Bf3 Bb7 10. O-O Qc7 11. e5 Rc8 12. Bxb7 Qxb7 13. a3 Ne7 14. Qd3 Nf5 15.
Rfd1 Rc4 16. b3 Nh4 17. Qxd7+ Qxd7 18. Rxd7 Rxc3 19. Ra7 Rc8 20. Rxa6 Nf5 21.
Bb6 Be7 22. Ra5 b4 23. axb4 Bxb4 24. Rb5 Bc3 25. Ra4 O-O 26. g4 Nh4 27. f4 g5
28. Bc5 Rfd8 29. Bd6 Bd2 30. c4 Bxf4 31. h3 Nf3+ 32. Kf2 Nd4 33. Rb7 Nc6 34. Rb5
f6 35. c5 fxe5 36. Rb6 Rd7 37. Kf3 e4+ 38. Kxe4 Bxd6 39. cxd6 Rxd6 40. Rc4 e5
41. b4 Rd4+ 42. Rxd4 exd4 43. b5 Re8+ 44. Kd3 Re3+ 45. Kc4 Rc3+ 46. Kd5 d3 47.
Rxc6 Rxc6 48. bxc6 d2 49. c7 d1=Q+ 0-1

[Event "TCh-CHN 2015"]
[Site "China CHN"]
[Date "2015.06.06"]
[Round "7.3"]
[Board "1"]
[White "Bu, Xiangzhi"]
[Black "Gao, Rui"]
[Result "1/2-1/2"]
[WhiteTitle "GM"]
[BlackTitle "GM"]
[WhiteElo "2681"]
[BlackElo "2533"]
[WhiteTeam "Chongqing"]
[BlackTeam "Hangzhou"]
[WhiteFideId "8601445"]
[BlackFideId "8602387"]
[EventDate "2015.04.10"]

1. c4 Nf6 2. Nc3 c5 3. Nf3 d5 4. cxd5 Nxd5 5. g3 Nc6 6. Bg2 g6 7. Qb3 e6 8. O-O
Bg7 9. Ne4 b6 10. d4 cxd4 11. Bg5 Qd7 12. Qa3 Bf8 13. Qa4 Bg7 14. Rac1 Bb7 15.
Qa3 Bf8 16. b4 Bxb4 17. Qb2 Bc3 18. Nxc3 dxc3 19. Rxc3 Nxc3 20. Qxc3 O-O 21. Bf6
e5 22. Bxe5 Ne7 23. Qb2 Nd5 24. e4 Nc7 25. Bg7 Rfd8 26. Ne5 Qb5 27. Qc3 Qc5 28.
Qf3 Kxg7 29. Qxf7+ Kh8 30. Qf6+ Kg8 31. Qf7+ Kh8 32. Qf6+ Kg8 1/2-1/2

[Event "TCh-CHN 2015"]
[Site "China CHN"]
[Date "2015.06.06"]
[Round "7.3"]
[Board "2"]
[White "Wang, Chen"]
[Black "Lysyj, Igor"]
[Result "1/2-1/2"]
[WhiteTitle "IM"]
[BlackTitle "GM"]
[WhiteElo "2500"]
[BlackElo "2691"]
[WhiteTeam "Chongqing"]
[BlackTeam "Hangzhou"]
[WhiteFideId "8601020"]
[BlackFideId "4150120"]
[EventDate "2015.04.10"]

1. e4 e5 2. Nf3 Nc6 3. Nc3 Nf6 4. d4 exd4 5. Nxd4 Bb4 6. Nxc6 bxc6 7. Bd3 O-O 8.
O-O d5 9. exd5 cxd5 10. Bg5 c6 11. Qf3 Bd6 12. Bxf6 Qxf6 13. Qxf6 gxf6 14. Ne2
Rb8 15. b3 Re8 16. Rad1 Bg4 17. f3 Bf5 18. Bxf5 Rxe2 19. Bd3 Re3 20. Rfe1 Rxe1+
21. Rxe1 h6 22. g3 a5 23. a4 Kf8 24. Kg2 Bb4 25. Re2 Re8 26. Rxe8+ Kxe8 27. Kh3
Kf8 28. Kg4 d4 29. Kf5 Kg7 30. h4 c5 1/2-1/2

[Event "TCh-CHN 2015"]
[Site "China CHN"]
[Date "2015.06.06"]
[Round "7.3"]
[Board "3"]
[White "Zhou, Weiqi"]
[Black "Bai, Jinshi"]
[Result "1-0"]
[WhiteTitle "GM"]
[BlackTitle "IM"]
[WhiteElo "2627"]
[BlackElo "2518"]
[WhiteTeam "Chongqing"]
[BlackTeam "Hangzhou"]
[WhiteFideId "8601674"]
[BlackFideId "8602280"]
[EventDate "2015.04.10"]

1. Nf3 c5 2. g3 Nc6 3. Bg2 e5 4. O-O g6 5. c4 Bg7 6. Nc3 Nge7 7. a3 O-O 8. b4
cxb4 9. axb4 Nxb4 10. Ba3 Nbc6 11. Bd6 b6 12. Nxe5 Bb7 13. d4 Re8 14. c5 bxc5
15. Nxf7 Kxf7 16. Qb3+ Kf8 17. Qxb7 Bxd4 18. Nd5 Rb8 19. Nxe7 Nxe7 20. Bxb8 Qxb8
21. Rxa7 Qxb7 22. Rxb7 d5 23. Rd1 Rc8 24. e3 Bf6 25. Bxd5 c4 26. Be4 c3 27. Bc2
Ra8 28. Rd6 Kg7 29. e4 Ra5 30. Re6 Ra1+ 31. Kg2 Ra2 32. e5 Bg5 33. h4 Kf7 34.
Bb3 Rb2 35. Rexe7+ 1-0

[Event "TCh-CHN 2015"]
[Site "China CHN"]
[Date "2015.06.06"]
[Round "7.3"]
[Board "4"]
[White "Gu, Tianlu"]
[Black "Tan, Zhongyi"]
[Result "1/2-1/2"]
[WhiteTitle "WIM"]
[BlackTitle "WGM"]
[WhiteElo "2182"]
[BlackElo "2487"]
[WhiteTeam "Hangzhou"]
[BlackTeam "Chongqing"]
[WhiteFideId "8603995"]
[BlackFideId "8603642"]
[EventDate "2015.04.10"]

1. e4 d6 2. d4 g6 3. Nc3 Bg7 4. Be3 a6 5. a4 Nf6 6. h3 O-O 7. Nf3 b6 8. Bd3 Bb7
9. O-O Nc6 10. d5 Nb4 11. Bc4 c6 12. dxc6 Nxc6 13. Qe2 Nb4 14. Bd3 Rc8 15. Nd2
Nxd3 16. cxd3 d5 17. e5 d4 18. exf6 exf6 19. Nc4 f5 20. Bf4 dxc3 21. bxc3 g5 22.
Be3 Re8 23. Qh5 Qxd3 24. Nxb6 Rxc3 25. Qxg5 Qe4 26. Nd7 Rc6 27. Nc5 Rxc5 28.
Bxc5 h6 29. Qg3 f4 30. Qf3 Qxf3 31. gxf3 Bxa1 32. Rxa1 Bxf3 33. Bd6 Re4 34. a5
f6 35. Kh2 Rd4 36. Bc7 Rc4 37. Bd6 Rd4 38. Bc7 Kf7 39. Ra3 Bd5 40. Ra1 Kg6 41.
Re1 Kf5 42. Bb6 Rd3 43. Rg1 h5 44. Rg7 Be4 45. Rg8 Bc6 46. Rg1 Bd7 47. h4 Ke4
48. Re1+ Kf3 49. Rg1 Ke2 50. Rg7 Bf5 51. Rc7 Rh3+ 52. Kg2 f3+ 53. Kg1 Rxh4 54.
Re7+ Be4 55. Rg7 Rf4 56. Kh2 Bd5 57. Re7+ Kf1 58. Rg7 Rh4+ 59. Kg3 Rc4 60. Kh2
Be6 61. Rg1+ Ke2 62. Rg6 Rf4 63. Kg3 Rf5 64. Kh2 Bc4 65. Kh3 Bd3 66. Rg7 Rg5 67.
Re7+ Kf1 68. Rc7 Rg2 69. Rc1+ Ke2 70. Ra1 Bc4 71. Rc1 Bd3 72. Ra1 Bc4 73. Rc1
Bb3 74. Rb1 Be6+ 75. Kh4 Rh2+ 76. Kg3 Rh3+ 77. Kf4 Rh4+ 78. Kg3 Rg4+ 79. Kh2 Bf5
80. Ra1 Rg2+ 81. Kh1 Be4 82. Ra2+ Kd3 83. Ra4 f5 84. Rd4+ Ke2 85. Ra4 Rg4 86.
Ra2+ Kd3 87. Ra1 Rh4+ 88. Kg1 Kc4 89. Rd1 Bd3 90. Rc1+ Kd5 91. Rd1 Ke4 92. Re1+
Be2 93. Ra1 Kd5 94. Rc1 Rb4 95. Rc8 Rb1+ 96. Kh2 Bf1 97. Rh8 Bg2 98. Kg3 Rh1 99.
Kf4 h4 100. Kxf5 h3 101. Kf4 Ra1 102. Kg3 Kc4 103. Rh4+ Kd3 104. Rd4+ Ke2 105.
Re4+ Kf1 106. Kh2 Rd1 107. Rd4 Re1 108. Rd2 Re4 109. Rd4 Re6 110. Rd3 Rc6 111.
Rd1+ Ke2 112. Rd8 Rc1 113. Re8+ Kd3 114. Re7 Rh1+ 115. Kg3 Kc4 116. Re5 Kb4 1/2-1/2

[Event "TCh-CHN 2015"]
[Site "China CHN"]
[Date "2015.06.06"]
[Round "7.3"]
[Board "5"]
[White "Yu, Ting"]
[Black "Huang, Qian"]
[Result "0-1"]
[WhiteTitle "WIM"]
[BlackTitle "WGM"]
[WhiteElo "2151"]
[BlackElo "2473"]
[WhiteTeam "Hangzhou"]
[BlackTeam "Chongqing"]
[WhiteFideId "3403963"]
[BlackFideId "8602689"]
[EventDate "2015.04.10"]

1. e4 c5 2. Nf3 d6 3. d4 cxd4 4. Nxd4 Nf6 5. Nc3 a6 6. Bc4 Nbd7 7. f4 Qc7 8. Bb3
Nc5 9. Qe2 e6 10. e5 dxe5 11. fxe5 Nfd7 12. Bf4 Nxb3 13. axb3 Bb4 14. Nb5 Qc6
15. Nd6+ Bxd6 16. exd6 O-O 17. O-O-O b5 18. Bg5 Bb7 19. Be7 Rfc8 20. Rd2 b4 21.
Na4 a5 22. h4 Ba6 23. Qe3 Bb5 24. Rh3 Bxa4 25. bxa4 Qxa4 26. Kb1 Qb5 27. Rf3 a4
28. Rdf2 b3 29. c3 Qe5 30. Qxe5 Nxe5 31. Rd2 Ra7 32. Rfd3 Nd7 33. Rd4 f6 34. Rb4
e5 35. Rd5 Kf7 36. Rdb5 Ke6 37. Kc1 a3 38. bxa3 Rxa3 39. Kb2 Ra2+ 40. Kxb3 Rxg2
41. Ra5 f5 42. Ra7 f4 43. Rxd7 Kxd7 44. Rb7+ Kc6 45. Ra7 Rd2 46. c4 f3 47. Kc3
Rd1 48. Ra6+ Kd7 0-1

[Event "TCh-CHN 2015"]
[Site "China CHN"]
[Date "2015.06.06"]
[Round "7.4"]
[Board "1"]
[White "Wan, Yunguo"]
[Black "Fedoseev, Vladimir3"]
[Result "1/2-1/2"]
[WhiteTitle "IM"]
[BlackTitle "GM"]
[WhiteElo "2477"]
[BlackElo "2674"]
[WhiteTeam "Heibei"]
[BlackTeam "Zhejiang"]
[WhiteFideId "8603189"]
[BlackFideId "24130737"]
[EventDate "2015.04.10"]

1. e4 e6 2. d4 d5 3. Nc3 Bb4 4. e5 c5 5. a3 Bxc3+ 6. bxc3 Qc7 7. Nf3 b6 8. Bb5+
Bd7 9. Bd3 Ba4 10. h4 cxd4 11. cxd4 Qc3+ 12. Bd2 Qxd3 13. cxd3 Bxd1 14. Kxd1 h5
15. Rc1 Kd7 16. Rh3 Ne7 17. Ng5 f6 18. Nf7 Rf8 19. exf6 Rh8 20. Ng5 Rf8 21. Nf7
gxf6 22. Nh6 Nbc6 23. Rg3 Nxd4 24. Rg7 Rae8 25. g4 hxg4 26. Nxg4 Nf3 27. h5 f5
28. Bf4 fxg4 29. Rc7+ Kd8 30. Bd6 Rg8 31. Rh7 Ng5 32. Rhxe7 Rxe7 33. Rxe7 Rh8
34. Rxa7 Rxh5 35. Rg7 Ke8 36. Re7+ Kd8 37. Rg7 Nf3 38. Bc7+ Ke8 39. Rxg4 b5 40.
Ke2 Rf5 41. a4 bxa4 42. Rxa4 Kd7 43. Bg3 e5 44. Ra6 Nd4+ 45. Ke3 Rf3+ 46. Kd2
Nc6 47. Ra8 Kd6 48. Re8 d4 49. Ke2 Rf7 50. Ra8 Kd5 51. Ra2 Rb7 52. f3 Rb1 53.
Be1 Ke6 54. Rc2 Ne7 55. f4 exf4 56. Bf2 Kd5 57. Kf3 Ng6 58. Ra2 Rb5 59. Ra3 Ke5
60. Ra4 Kf5 61. Rxd4 Ne5+ 62. Kg2 Ng4 63. Kf3 Ne5+ 64. Kg2 Kg4 65. Be3 Rb2+ 66.
Kf1 Ng6 67. Ke1 Kg3 68. Bxf4+ Nxf4 69. Rd8 Ng2+ 70. Kd1 Ne3+ 71. Ke1 Rh2 72.
Rg8+ Kf4 73. Rf8+ Nf5 74. Re8 Ng3 75. Rf8+ Ke3 76. Re8+ Kxd3 77. Rd8+ Ke3 78.
Re8+ Ne4 79. Kd1 Rd2+ 80. Kc1 Rd7 81. Kc2 Rb7 82. Rc8 Nd6 83. Rh8 Rc7+ 84. Kb3
Nf5 85. Rh3+ Kd4 86. Rh8 Rb7+ 87. Kc2 Ne3+ 88. Kd2 Rb2+ 89. Ke1 Ng2+ 90. Kd1 Nf4
91. Rd8+ Ke3 92. Re8+ Kf3 93. Rf8 Rh2 94. Ra8 Nd5 95. Rf8+ Ke4 96. Re8+ Kd3 97.
Ke1 Nf6 98. Rd8+ Ke3 99. Kd1 Ne4 100. Re8 Rh6 101. Kc2 Rc6+ 102. Kb3 Kd3 103.
Rd8+ Nd6 104. Rh8 Rb6+ 105. Ka4 Nf5 106. Rh3+ Kc4 107. Ka5 Rd6 108. Rh1 Ne3 109.
Rh4+ Kc5 110. Rh5+ Nd5 111. Ka4 Rb6 112. Ka3 Rb8 113. Ka4 Kc4 114. Rh4+ Kd3 115.
Rh3+ Ne3 116. Ka5 Rb1 117. Ka4 Kd4 118. Rh4+ Kc3 119. Rh3 Kd3 120. Ka5 Kd4 121.
Rh4+ Kd5 122. Rh5+ Kc6 123. Rh6+ Kc5 124. Rh5+ Nd5 125. Ka4 Rb8 126. Ka3 Kc4
127. Rh4+ Kd3 128. Rh3+ Ne3 1/2-1/2

[Event "TCh-CHN 2015"]
[Site "China CHN"]
[Date "2015.06.06"]
[Round "7.4"]
[Board "2"]
[White "Wang, Rui"]
[Black "Lu, Shanglei"]
[Result "0-1"]
[WhiteTitle "GM"]
[BlackTitle "GM"]
[WhiteElo "2403"]
[BlackElo "2570"]
[WhiteTeam "Heibei"]
[BlackTeam "Zhejiang"]
[WhiteFideId "8601003"]
[BlackFideId "8603332"]
[EventDate "2015.04.10"]

1. e4 c5 2. Nc3 e6 3. Nge2 a6 4. g3 b5 5. Bg2 Bb7 6. d4 cxd4 7. Nxd4 Nf6 8. a3
d6 9. O-O Qc7 10. Re1 Be7 11. a4 bxa4 12. Nxa4 O-O 13. b3 Nbd7 14. c4 Rab8 15.
Nc3 Nc5 16. Ba3 Ba8 17. b4 Ncd7 18. Bf1 Ne5 19. Rc1 Rfc8 20. Nf3 Nfg4 21. Nxe5
Nxe5 22. Nb1 Qa7 23. b5 f5 24. Bb2 fxe4 25. Bxe5 dxe5 26. Nc3 Rf8 27. Rc2 Bb4
28. Ree2 e3 29. Rxe3 Bc5 30. Ree2 Bf3 31. Ne4 axb5 32. cxb5 Rxb5 33. Nxc5 Bxe2
34. Qxe2 Rxc5 35. Qe3 Rfc8 36. Bc4 Kh8 37. Re2 Qd7 38. Rd2 Qc6 39. Bf1 h6 40. h4
Rc1 41. Qe2 Ra8 42. Rd1 Raa1 43. Rxc1 Qxc1 44. h5 e4 45. Qb5 Kh7 46. Kg2 Qd1 47.
Kg1 Qd3 48. Kg2 Rxf1 49. Qxd3 Rxf2+ 50. Kxf2 exd3 51. Ke3 g6 0-1

[Event "TCh-CHN 2015"]
[Site "China CHN"]
[Date "2015.06.06"]
[Round "7.4"]
[Board "4"]
[White "Ding, Yixin"]
[Black "Zhai, Mo"]
[Result "1-0"]
[WhiteTitle "WGM"]
[BlackTitle "WIM"]
[WhiteElo "2434"]
[BlackElo "2324"]
[WhiteTeam "Zhejiang"]
[BlackTeam "Heibei"]
[WhiteFideId "8602972"]
[BlackFideId "8600201"]
[EventDate "2015.04.10"]

1. e4 c5 2. Nf3 d6 3. c3 Nf6 4. h3 Nc6 5. d3 e6 6. Be2 Be7 7. O-O O-O 8. Re1 b6
9. Nbd2 Bb7 10. a3 a5 11. d4 d5 12. e5 Ne4 13. Bd3 Nxd2 14. Qxd2 Ba6 15. Bb1 Rc8
16. Qf4 cxd4 17. cxd4 f5 18. exf6 Bxf6 19. Qg4 Qd7 20. Bd2 Rfe8 21. Re3 Rcd8 22.
Ba2 Qd6 23. Rae1 Bc8 24. Ne5 Rf8 25. Bb1 Ne7 26. Rc3 Nf5 27. Bf4 Nxd4 28. Qh5
Nf5 29. g4 d4 30. Rc6 Qd5 31. Be4 Bxe5 32. Bxd5 g6 33. Rxc8 Bxf4 34. Rxd8 Rxd8
35. gxf5 gxh5 36. fxe6 Re8 37. e7+ Kg7 38. Bc6 Kf7 39. Bxe8+ Kxe8 40. Kg2 d3 41.
Kf3 d2 42. Rd1 Bh6 43. Ke4 1-0

[Event "TCh-CHN 2015"]
[Site "China CHN"]
[Date "2015.06.06"]
[Round "7.4"]
[Board "5"]
[White "Zhu, Jiner"]
[Black "Wang, Doudou"]
[Result "1-0"]
[BlackTitle "WIM"]
[WhiteElo "1989"]
[BlackElo "2205"]
[WhiteTeam "Zhejiang"]
[BlackTeam "Heibei"]
[WhiteFideId "8608059"]
[BlackFideId "8603197"]
[EventDate "2015.04.10"]

1. e4 e5 2. Nf3 Nc6 3. Bc4 Nf6 4. Ng5 d5 5. exd5 Na5 6. Bb5+ c6 7. dxc6 bxc6 8.
Qf3 Bb7 9. Bd3 h6 10. Ne4 Nd5 11. O-O Nf4 12. Re1 Be7 13. Nc5 Nxd3 14. Nxd3 O-O
15. Nxe5 c5 16. Qe2 Bd6 17. Nf3 Qf6 18. d3 Rae8 19. Qxe8 Rxe8 20. Rxe8+ Kh7 21.
Nbd2 Qg6 22. Ne4 f5 23. Neg5+ hxg5 24. Nxg5+ Kh6 25. Rh8+ 1-0

[Event "TCh-CHN 2015"]
[Site "China CHN"]
[Date "2015.06.06"]
[Round "7.5"]
[Board "2"]
[White "Li, Di"]
[Black "Yu, Ruiyuan"]
[Result "1/2-1/2"]
[WhiteTitle "FM"]
[BlackTitle "GM"]
[WhiteElo "2277"]
[BlackElo "2571"]
[WhiteTeam "Chengdu"]
[BlackTeam "Jiangsu"]
[WhiteFideId "8607508"]
[BlackFideId "8603090"]
[EventDate "2015.04.10"]

1. d4 d5 2. c4 c6 3. Nf3 Nf6 4. Qc2 g6 5. e3 Bg7 6. Bd3 O-O 7. O-O b6 8. b3 Bb7
9. Bb2 Nbd7 10. Nc3 Rc8 11. Qe2 Re8 12. cxd5 Nxd5 13. Nxd5 cxd5 14. Rac1 Nb8 15.
Ra1 Nd7 16. Rac1 Nb8 17. Bb5 Bc6 18. Bxc6 Rxc6 19. Rxc6 Nxc6 20. Rc1 Qd7 21. Qb5
Rc8 22. Ba3 e6 23. Qa6 Rc7 24. h3 Bf6 25. Qa4 Bd8 26. g3 Nb8 27. Qxd7 Rxc1+ 28.
Bxc1 Nxd7 29. Kf1 Be7 30. Ke2 Kf8 31. Ne1 Bd6 32. Nd3 Ke7 1/2-1/2

[Event "TCh-CHN 2015"]
[Site "China CHN"]
[Date "2015.06.06"]
[Round "7.5"]
[Board "3"]
[White "Liu, Guanchu"]
[Black "Lin, Chen"]
[Result "1/2-1/2"]
[WhiteTitle "IM"]
[BlackTitle "IM"]
[WhiteElo "2379"]
[BlackElo "2448"]
[WhiteTeam "Chengdu"]
[BlackTeam "Jiangsu"]
[WhiteFideId "8603901"]
[BlackFideId "8602298"]
[EventDate "2015.04.10"]

1. e4 e5 2. Nf3 Nc6 3. Bb5 Nf6 4. O-O Nxe4 5. Re1 Nd6 6. Nxe5 Be7 7. Bf1 Nf5 8.
c3 Nxe5 9. Rxe5 d6 10. Re1 O-O 11. d4 d5 12. Bf4 Bd6 13. Qf3 Nh4 14. Qg3 Nf5 15.
Qf3 Nh4 16. Qg3 Nf5 17. Qf3 Bxf4 18. Qxf4 Qd6 19. Qxd6 Nxd6 20. Bd3 Bd7 21. Nd2
Rfe8 22. f3 f6 23. Kf2 Kf7 24. Nf1 c6 25. g3 Bf5 26. Bxf5 Nxf5 27. Ne3 Nxe3 28.
Rxe3 Rxe3 29. Kxe3 Re8+ 30. Kf2 h5 31. Rd1 g5 32. h3 f5 33. Re1 Rxe1 34. Kxe1
Kf6 1/2-1/2

[Event "TCh-CHN 2015"]
[Site "China CHN"]
[Date "2015.06.06"]
[Round "7.5"]
[Board "4"]
[White "Guo, Qi"]
[Black "Li, Yunshan"]
[Result "1-0"]
[WhiteTitle "IM"]
[BlackTitle "WFM"]
[WhiteElo "2443"]
[BlackElo "1916"]
[WhiteTeam "Jiangsu"]
[BlackTeam "Chengdu"]
[WhiteFideId "8604002"]
[BlackFideId "8607664"]
[EventDate "2015.04.10"]

1. d4 Nf6 2. Bg5 d5 3. e3 c6 4. Bd3 g6 5. Nf3 Bg7 6. O-O O-O 7. c4 Bg4 8. Nbd2
Nbd7 9. h3 Bxf3 10. Nxf3 Re8 11. cxd5 Nxd5 12. e4 N5b6 13. a4 a5 14. Rc1 Qb8 15.
Qb3 Qd6 16. Be3 Qb4 17. Qxb4 axb4 18. b3 e5 19. dxe5 Nc8 20. Rfd1 Nxe5 21. Nxe5
Bxe5 22. f4 Bc3 23. e5 Ne7 24. Bc4 Rad8 25. Bb6 Rd2 26. Rxd2 Bxd2 27. Rd1 Bxf4
28. Rd7 Bxe5 29. Rxb7 Nd5 30. Bf2 Ra8 31. Kf1 Kg7 32. Bxd5 cxd5 33. Rxb4 Rc8 34.
Bd4 Kf6 35. Bxe5+ Kxe5 36. a5 d4 37. a6 Kd5 38. a7 Ra8 39. Rb7 f5 40. Rxh7 Kc5
41. Ke2 Kb6 42. Kd3 Rd8 43. Rd7 Ra8 44. Kxd4 Kb5 45. Ke5 Kc6 46. Rg7 1-0